Statystyki dla Ziemie polskie po Kongresie Wiedeńskim - klasa 7

Kliknij tutaj aby rozwiązać quiz!

Ogólne statystyki

  • Ten quiz został rozwiązany 19 razy
  • Średni wynik to 12 z 30

Statystyki odpowiedzi

HintOdpowiedź% Poprawnych
Kto był pierwszym dyktatorem powstania listopadowego?Józef Chłopicki
67%
Które ze stronnictw politycznych Wielkiej Emigracji zakładało w programie wprowadzenie w Polsce monarchii konstytucyjnej?Hotel Lambert
50%
Jak miał na imię wielki książę, brat cara Aleksandra I i jednocześnie Namiestnik Królestwa Polskiego?Konstanty
50%
Kto stał na czelę Powstania Wielkopolskiego w czasie Wiosny Ludów?Ludwik Mierosławski
50%
Podaj nazwę religijno-społecznego prądu, związanego z wiarą w nadejście wyjątkowego człowieka lub narodu, który wyzwoli świat od zła i zmieni jego oblicze. Prąd popularyzowany był przez Andrzeja Towiańskiego.Mesjanizm
50%
Jak nazywał się prąd filozoficzny uznający, że głównym źródłem poznania jest rozum ludzki?Racjonalizm
50%
Gdzie zsyłano powstańców listopadowych w ramach represji, po upadku powstania?Syberia
50%
Proces nabywania przez chłopów uprawianej przez nich ziemi na własność.Uwłaszczenie
50%
W którym roku powstało Towarzystwo Demokratyczne Polskie?1832 r.
42%
Podaj dokładną datę bitwy o Olszynkę Grochowską
25 luty 1831 r.
42%
Tajny wysłannik polityczny zbierający informacje o sytuacji panującej na danym obszarze.Emisariusz
42%
Jak nazywała się grupa posłów z sejmu Królestwa Polskiego próbująca stworzyć legalną opozycję wobec cara?Kaliszanie
42%
Obowiązkowe świadczenia, które zwycięzca nakłada na ludność kraju okupowanego.Kontrybucja
42%
Miejsce zwycięskiej bitwy z początkowego okresu powstania wielkopolskiego z 1848 r.Miłosław
42%
W pobliżu tego miasta odbyła się w dniu 26 maja 1831 r. bitwa powstania listopadowego, przegrana przez Polaków.Ostrołęka
42%
Jaki organ sprawował władzę ustawodawczą w Królestwie Polskim (Kongresówce)?Sejm
42%
Co wprowadzono w miejsce Konstytucji w Królestwie Polskim po upadku powstania listopadowego?Statut organiczny
42%
W okolicach jakiego miasta były najsilniejsze rozruch w czasie rabacji galicyjskiej z 1846 r.?Tarnów
42%
Kto założył Towarzystwo Patriotyczne?Walerian Łukasiński
42%
Jak inaczej nazywano Rzeczpospolitą Krakowską?Wolne Miasto Kraków
42%
W którym roku otwarto Uniwersytet Warszawski1816 r.
33%
Kto namalował obraz "Pożegnanie powstańca"?Artur Grottger
33%
Kto dowodził powstańcami krakowskim?Edward Dembowski
33%
Jak nazywał się minister skarbu Królestwa Polskiego, z którego inicjatywy m. in. założono Bank Polski oraz zbudowano Kanał Augustowski?Franciszek Ksawery Drucki-Lubecki
33%
Generał, dowódca w powstaniu listopadowym, jego plan kontrataku w marcu/kwietniu 1831 r. zaskoczył Rosjan i przyniósł początkowo sukcesyIgnacy Prądzyński
33%
Generał, dowodził obroną warszawskiej Woli we wrześniu 1831 r.Józef Sowiński
33%
Z czyjej inicjatywy powstały szkoły zawodowe w Królestwie Polskim?Stanisław Staszic
33%
Kto był przywódcą Gromad Ludu Polskiego?Stanisław Worcell
33%
W którym roku zniesiono pańszczyznę w zaborze austriackim?1848 r.
25%
Na czyim grobie znajduje się napis: "Wszystko dla ojczyzny - nic dla siebie"? Podpowiedź: był podporucznikiem i brał udział w powstaniu listopadowym.Piotr Wysocki
25%

Rozkład punktacji

Percentyl według liczby udzielonych odpowiedzi

Procent ludzi z każdym wynikiem

Twoja historia wyników

Nie rozwiązałeś tego quizu